| 000 | 00715nam a2200217 a 4500 | ||
|---|---|---|---|
| 999 |
_c2833 _d2833 |
||
| 001 | 2833 | ||
| 003 | BD-JhCC | ||
| 005 | 20171107110533.0 | ||
| 008 | 171107s1393 bg |||| |||| 000 0 ben d | ||
| 035 | _a(BD-JhCC)2833 | ||
| 040 |
_aBD-JhCC _dBD-JhCC |
||
| 041 | _aben | ||
| 082 |
_a891.443 _bMUK 1393 |
||
| 100 | _aমুখোপাধ্যায়, শীর্ষেন্দু | ||
| 245 |
_aউজান / _c শীর্ষেন্দু মুখোপাধ্যায় |
||
| 260 |
_aকলিকাতা : _bআনন্দ পাবলিশার্স, _c১৩৯৩. |
||
| 300 |
_a১০৭ পৃ. : _c২১ সেমি. |
||
| 650 | _aBengali novel | ||
| 942 |
_2ddc _cBK |
||